ბათუმის შოთა რუსთაველის სახელმწიფო უნივერსიტეტის ბიბლიოთეკა

ოდები (ბიბ.ჩანაწერი № 49465)

000 -LEADER
fixed length control field 01067nam a2200265Ia 4500
001 - CONTROL NUMBER
control field 16389
003 - CONTROL NUMBER IDENTIFIER
control field GE_BSU
008 - FIXED-LENGTH DATA ELEMENTS--GENERAL INFORMATION
fixed length control field 181216s||||||||xx |||||||||||||| ||und||
020 ## - INTERNATIONAL STANDARD BOOK NUMBER
International Standard Book Number ISBN 978-9941-15-819-3
040 ## - CATALOGING SOURCE
Transcribing agency GE_BSU
080 ## - UNIVERSAL DECIMAL CLASSIFICATION NUMBER
Universal Decimal Classification number 821.14'01.03=353.1
100 ## - MAIN ENTRY--PERSONAL NAME
Personal name პინდაროსი
245 ## - TITLE STATEMENT
Title ოდები
245 ## - TITLE STATEMENT
Remainder of title ტ. 5
245 ## - TITLE STATEMENT
Statement of responsibility, etc. მთარგმნ. ნანა ტონია,რედ:დიანა ყასუმაშვილი;დიზაინ.ია მახათაძე;სერიის მთ. რედ. და შემდგ. ემზარ გოგუაძე
260 ## - PUBLICATION, DISTRIBUTION, ETC.
Place of publication, distribution, etc. თბილისი
260 ## - PUBLICATION, DISTRIBUTION, ETC.
Name of publisher, distributor, etc. ბაკურ სულაკაურის გამ-ბა
260 ## - PUBLICATION, DISTRIBUTION, ETC.
Date of publication, distribution, etc. 2013
300 ## - PHYSICAL DESCRIPTION
Extent 310 გვ. ; 22 სმ.
300 ## - PHYSICAL DESCRIPTION
Dimensions ყდაზე: კნოსოსის სასახლის მინოსური ფრესკა
653 ## - INDEX TERM--UNCONTROLLED
Uncontrolled term ანტიკური მწერლობა
653 ## - INDEX TERM--UNCONTROLLED
Uncontrolled term ოდები
942 ## - ADDED ENTRY ELEMENTS (KOHA)
Koha item type წიგნი
ეგზემპლარები
Withdrawn status Lost status Damaged status Not for loan Date acquired Barcode Date last seen Price effective from Koha item type
        2018-12-17 40814 2018-12-17 2018-12-17 წიგნი